| Tag |
First Indicator |
Second Indicator |
Subfields |
| LEADER |
00000cam a2200000 4500 |
| 001 |
in00000620821 |
| 005 |
20151015050554.0 |
| 008 |
780406s1950 fr 00000 fre |
| 010 |
|
|
|a 50028579
|
| 035 |
|
|
|a (OCoLC)03783031
|
| 035 |
|
|
|9 ACT0581AM
|
| 040 |
|
|
|a DLC
|c ALM
|d TXA
|d UtOrBLW
|
| 049 |
|
|
|a TXAM
|c [1238982]
|
| 050 |
0 |
0 |
|a PQ2003.Z5
|b A7
|
| 082 |
0 |
|
|a 842.54
|
| 100 |
1 |
|
|a Arland, Marcel,
|d 1899-1986.
|
| 245 |
1 |
0 |
|a Marivaux.
|
| 264 |
|
1 |
|a [Paris] :
|b Gallimard,
|c [1950]
|
| 264 |
|
4 |
|c [©1950]
|
| 300 |
|
|
|a 270 pages ;
|c 19 cm.
|
| 336 |
|
|
|a text
|b txt
|2 rdacontent
|
| 337 |
|
|
|a unmediated
|b n
|2 rdamedia
|
| 338 |
|
|
|a volume
|b nc
|2 rdacarrier
|
| 490 |
0 |
|
|a Les Essais, 40
|
| 600 |
1 |
0 |
|a Marivaux, Pierre Carlet de Chamblain de,
|d 1688-1763.
|
| 999 |
|
|
|a MARS
|
| 999 |
f |
f |
|s fd79ecac-b00e-3fb9-9964-1c65444e34c4
|i 097274e0-5002-3aba-aec3-3b454aaa5064
|t 0
|
| 952 |
f |
f |
|p normal
|a Texas A&M University
|b College Station
|c Sterling C. Evans Library
|d Evans: Library Stacks
|t 0
|e PQ2003.Z5 A7
|h Library of Congress classification
|i unmediated -- volume
|m A14803762250
|
| 998 |
f |
f |
|a PQ2003.Z5 A7
|t 0
|l Evans: Library Stacks
|